000 00509nam a2200193 a 4500
001 1770813380291
003 YourLibrary
005 20260211180754.0
008 260211s2001##################000#0#eng##
020 _a9781841690186
082 0 4 _a306.7
_bBAU
100 1 _aBaumeister, Roy F.,
_eauthor.
245 1 0 _aSocial Psychology and Human Sexuality :
260 _bPsychology Press,
_c2001.
300 _a372 pages
650 0 _aMedical.
942 _cENGLISH
040 _aYourLibrary
_beng
_cYourLibrary
999 _c611905
_d611905